01223cam a22003255a 45000010009000000050017000090080041000260200018000670200015000850400068001000430012001680820020001801000029002002450050002292460034002792500023003132600047003363000032003834900019004155000027004345040031004616500053004926500080005456500076006256510010007016530023007119420008007349990017007429520138007591909097320201124142224.0160512t2015 nyua frbd 000 0 eng d z9780071846103 z0071846107 aQBXbengcQBXdOCLCOdOCLCFdBTCTAdYDXCPdOCLCOdDLCdEG-ScBUE an-us---04a150.76222bMAI1 aMaitland, Laura Lincoln.10aAP psychology 2016 /cLaura Lincoln Maitland.3 aAdvanced placement psychology aCross-platform ed. aNew York :bMcGraw Hill Eduction,cc.2015. ax, 341 p. :bill. ;c28 cm.0 a5 steps to a 5 aGlossary : p. 313-339. aBibliography : p. 340-341. 7aPsychologyvExaminations, questions, etc.2BUEsh 7aAdvanced placement programs (Education)xExaminationsvStudy guides.2BUEsh 7aCollege entrance achievement testszUnited StatesvStudy guides.2BUEsh 2BUEsh bNNURcNovember2016 2ddc c23156d23128 00102ddc40708BaccahaMAINbMAINcLOWd2016-11-15ePurchaseg144.00h25145o150.76 MAIp000034792r2025-07-15 00:00:00v180.00yBB